| 000 | 00587nam a2200229Ia 4500 | ||
|---|---|---|---|
| 003 | OSt | ||
| 005 | 20220924144552.0 | ||
| 006 | a|||||r|||| 00| 0 | ||
| 007 | ta | ||
| 008 | 220923b |||||||| |||| 00| 0 urd d | ||
| 024 | _a315823 | ||
| 037 | _cTextual | ||
| 040 |
_aARTS _cARTS _burd |
||
| 041 |
_2urd _aurd |
||
| 082 | _aO168,1NNH1x, L7 | ||
| 100 |
_aNishat Hindi _9217922 |
||
| 245 | 0 |
_aNishat-e-Junu _b Ghazlon ka intkhab |
|
| 260 | _c1977 | ||
| 650 | _aURDU POETRY | ||
| 942 |
_hO168,1NNH1x, L7 _cTEXL _2CC |
||
| 999 |
_c457496 _d457496 |
||